<?xml version="1.0" encoding="UTF-8"?><?xml-stylesheet type="text/xsl" href="static/style.xsl"?><OAI-PMH xmlns="http://www.openarchives.org/OAI/2.0/" xmlns:xsi="http://www.w3.org/2001/XMLSchema-instance" xsi:schemaLocation="http://www.openarchives.org/OAI/2.0/ http://www.openarchives.org/OAI/2.0/OAI-PMH.xsd"><responseDate>2026-04-28T12:24:35Z</responseDate><request verb="GetRecord" identifier="oai:uvadoc.uva.es:10324/78403" metadataPrefix="marc">https://uvadoc.uva.es/oai/request</request><GetRecord><record><header><identifier>oai:uvadoc.uva.es:10324/78403</identifier><datestamp>2025-10-07T19:03:14Z</datestamp><setSpec>com_10324_38</setSpec><setSpec>col_10324_852</setSpec></header><metadata><record xmlns="http://www.loc.gov/MARC21/slim" xmlns:doc="http://www.lyncode.com/xoai" xmlns:xsi="http://www.w3.org/2001/XMLSchema-instance" xmlns:dcterms="http://purl.org/dc/terms/" xsi:schemaLocation="http://www.loc.gov/MARC21/slim http://www.loc.gov/standards/marcxml/schema/MARC21slim.xsd">
<leader>00925njm 22002777a 4500</leader>
<datafield tag="042" ind1=" " ind2=" ">
<subfield code="a">dc</subfield>
</datafield>
<datafield tag="720" ind1=" " ind2=" ">
<subfield code="a">Graupner Recio, Patricia</subfield>
<subfield code="e">author</subfield>
</datafield>
<datafield tag="260" ind1=" " ind2=" ">
<subfield code="c">2025</subfield>
</datafield>
<datafield tag="520" ind1=" " ind2=" ">
<subfield code="a">El linfoma de Hodgkin (LH) es un tipo de cáncer que afecta al sistema linfático, considerado uno de los más frecuentes en la población pediátrica y presenta elevadas tasas de curación. Sin embargo, la propia enfermedad y su tratamiento puede conllevar importantes efectos adversos a corto y largo plazo, de tal manera que la tendencia actual consiste en aplicar terapias menos tóxicas y más individualizadas.&#xd;
Actualizar información relacionada con la eficacia, seguridad y evolución del abordaje diagnóstico y terapéutico del LH infantil.&#xd;
Se ha elaborado una revisión sistemática, siguiendo la metodología descrita en la declaración PRISMA 2020. La búsqueda de artículos se realizó utilizando la base de datos Pubmed y se incluyeron artículos publicados entre 2019 y 2025, en inglés o español, que abordaran el manejo del LH en pacientes menores de 21 años.&#xd;
Se seleccionaron 11 artículos con diferentes enfoques, desde nuevas herramientas diagnósticas, hasta tratamientos adaptados a la respuesta temprana, y terapias dirigidas y combinadas. Todos destacan una alta tasa de supervivencia, aunque con riesgo de complicaciones tardías.&#xd;
El manejo del LH pediátrico ha avanzado hacia un enfoque más individualizado que permite reducir la toxicidad sin comprometer la eficacia. No obstante, persiste la necesidad de estandarizar los regímenes terapéuticos y reforzar el seguimiento a largo plazo para abordar las secuelas físicas y psicosociales en los supervivientes.</subfield>
</datafield>
<datafield tag="024" ind2=" " ind1="8">
<subfield code="a">https://uvadoc.uva.es/handle/10324/78403</subfield>
</datafield>
<datafield ind1=" " ind2=" " tag="653">
<subfield code="a">Linfático, Sistema</subfield>
</datafield>
<datafield ind1=" " ind2=" " tag="653">
<subfield code="a">Tumores en el niño</subfield>
</datafield>
<datafield tag="245" ind1="0" ind2="0">
<subfield code="a">Abordaje pediátrico del linfoma de Hodgkin. Revisión sistemática</subfield>
</datafield>
</record></metadata></record></GetRecord></OAI-PMH>